|
|
|
|
| LEADER |
01975nam a2200373 a 4500 |
| 001 |
1661022 |
| 008 |
100117s1996 ph ab b 100 0 eng d |
| 010 |
|
|
|a \\\97153644
|
| 020 |
|
|
|a 9715610838
|
| 020 |
|
|
|a 9715610838 (set)
|
| 040 |
|
|
|a NIC
|c NIC
|d DLC
|d BD-DhAAL
|
| 082 |
0 |
0 |
|a 307.76/4/095
|2 21
|
| 111 |
2 |
|
|a Regional Seminar on Megacities Management in Asia and the Pacific
|d (1995 :
|c Manila, Philippines)
|
| 245 |
1 |
0 |
|a Megacity management in the Asian and Pacific region :
|b policy issues and innovative approaches : proceedings of the Regional Seminar on Megacities Management in Asia and the Pacific, Asian Development Bank and United Nations/World Bank Urban Management Programme for Asia and the Pacific, Manila, Philippines, 24-30 October /
|c edited by Jeffry Stubbs and Giles Clarke.
|
| 260 |
|
|
|a Manila, Philippines :
|b Asian Development Bank,
|c <1996- >
|
| 300 |
|
|
|a viii, 398 :
|b ill. ;
|c 24 cm.
|
| 362 |
0 |
|
|a Vol. 2
|
| 500 |
|
|
|a "City Summit, Istanbul 1996"--Cover.
|
| 504 |
|
|
|a Includes bibliographical references.
|
| 505 |
0 |
|
|a v. 1. Recommendations of the working groups, theme papers, and case studies -- v. 2. Country and case studies.
|
| 541 |
1 |
|
|e 00006080
|
| 650 |
|
0 |
|a Metropolitan areas
|z Asia
|x Planning
|v Congresses.
|
| 650 |
|
0 |
|a Metropolitan areas
|z Pacific Area
|x Planning
|v Congresses.
|
| 650 |
|
0 |
|a Urban policy
|z Asia
|v Congresses.
|
| 650 |
|
0 |
|a Urban policy
|z Pacific Area
|v Congresses.
|
| 650 |
|
0 |
|a Urban ecology (Sociology)
|z Asia
|v Congresses.
|
| 650 |
|
0 |
|a Urban ecology (Sociology)
|z Pacific Area
|v Congresses.
|
| 700 |
1 |
|
|a Stubbs, Jeffry.
|
| 700 |
1 |
|
|a Clarke, Giles,
|d 1943-
|
| 710 |
2 |
|
|a Asian Development Bank.
|
| 710 |
2 |
|
|a United Nations/World Bank Urban Management Programme for Asia and the Pacific.
|
| 852 |
4 |
|
|a Ayesha Abed Library
|j General shelf
|
| 999 |
|
|
|c 7047
|d 7047
|
| 952 |
|
|
|0 0
|1 0
|2 ddc
|4 0
|6 307_764095000000000_MEG_1996
|7 0
|9 7310
|a BRACUL
|b BRACUL
|c GEN
|d 2010-01-19
|l 0
|o 307.764095 MEG
|p 3010006080
|r 2010-01-19
|t 1
|w 2010-01-19
|y BK
|